| LEADER | 01194nam a2200229 i 4500 | ||
|---|---|---|---|
| 003 | GR-PaULI | ||
| 005 | 20240730111339.0 | ||
| 008 | 170913s1995 gr g 000 p gre d | ||
| 020 | |a 9602691484 | ||
| 040 | |a GR-PaULI |b gre |c GR-PaULI |e AACR2 | ||
| 082 | 0 | 4 | |2 23 |a 889.134 |
| 100 | 1 | |9 147562 |a Κοζίας, Γιώργος, |d 1958- |e συγγραφέας. | |
| 245 | 1 | 2 | |a Ο μάρτυρας που δεν υπήρξε / |c Γιώργος Κοζίας. |
| 260 | |a Αθήνα : |b Στιγμή, |c c1995. | ||
| 300 | |a 46 σ. ; |c 20 εκ. | ||
| 655 | 0 | |a Ποίηση | |
| 942 | |2 ddc |c BK | ||
| 952 | |0 0 |1 0 |2 ddc |4 0 |6 889_134000000000000_ΚΟΖ |7 0 |9 214949 |a LISP |b LISP |c DON |d 2017-09-13 |e ΒΑΛ |i 127871 |l 0 |o 889.134 ΚΟΖ |p 025000245034 |r 2017-09-13 00:00:00 |t 1 |v 2017.00 |w 2017-09-13 |y BK15 | ||
| 952 | |0 0 |1 0 |2 ddc |4 0 |6 889_134000000000000_ΚΟΖ |7 0 |9 327766 |a LISP |b LISP |c DON |d 2021-08-27 |e ΓΑΛ |i 142656 |l 0 |o 889.134 ΚΟΖ |p 025000267704 |r 2021-08-27 00:00:00 |t 2 |w 2021-08-27 |y BKN | ||
| 952 | |0 0 |1 0 |2 ddc |4 0 |6 889_134000000000000_ΚΟΖ |7 1 |9 382522 |a LISP |b LISP |c DON |d 2024-07-30 |e ΛΟΓ |i 366715 |l 0 |o 889.134 ΚΟΖ |p 025000312677 |r 2024-07-30 00:00:00 |t 3 |w 2024-07-30 |y BKN | ||
| 998 | |c ΣΑΤΛΑΝΗΣ |d 2017-09 | ||
| 999 | |c 130603 |d 130603 | ||